000 00206 a2200085 4500
020 _a9788193053775
100 _aPURBIYA, MAMTA
245 _aMEWAR KI LOK SANSKRITI
260 _bRAINA BOOK CENTER, UDAIPUR
_c2021
999 _c223931
_d223931